| 000 | 00000nam 2200000za 4500 |
| 001 | 9.832174 |
| 003 | CaOODSP |
| 005 | 20250909141939 |
| 007 | cr ||||||||||| |
| 008 | 170210s2017 onc o f000 0 eng d |
| 040 | |aCaOODSP|beng |
| 043 | |an-cn--- |
| 086 | 1 |aRv55-5/17-2-1-2017E-PDF |
| 245 | 04|aThe coding, submission and processing of Form B2, Canada Customs Adjustment Request |h[electronic resource]. |
| 250 | |a[January 26, 2017 edition]. |
| 260 | |aOttawa : |bCanada Border Services Agency, |c2017. |
| 300 | |a82 p. |
| 490 | 1 |aCustoms D memoranda. D17, Accounting and release procedures, |x2369-2391 ; |vD17-2-1, January 26, 2017 |
| 500 | |aIssued also in French under title: Codage, présentation et traitement d’un formulaire B2, Douanes Canada – Demande de rajustement. |
| 500 | |aCaption title. |
| 500 | |a"Superseded Memorandum D: D17-2-1 (January 1, 1991); Interim Memorandum D17-2-1 (June 7, 2006); D17-2-2 (January 4, 1993)"--p. 82. |
| 520 | |a"This memorandum has been updated to: (a) incorporate the information previously contained in Memorandum D17-2-1, Coding of Adjustment Request Forms, Interim Memorandum D17-2-1, Coding of Adjustment Request Forms, Memorandum D17-2-2, Processing of Adjustment Request Forms, and Customs Notice 12-004, Closing of the Pacific Regional Recourse Office; (b) reflect organizational and operational changes of the Canada Border Services Agency (CBSA); (c) update references to CBSA policies and forms; (d) remove all references to B2, Canada Customs Adjustment Request blanket adjustment requests, due to the publication of Memorandum D17-2-4, Preparation and Presentation of Blanket Adjustment Requests; and, (e) reflect changes due to the implementation of the Accounts Receivable Ledger (ARL). This memorandum contains instructions for the completion, submission and processing of Form B2, Canada Customs Adjustment Request, to be followed by importers/agents when requesting adjustments to commercial transactions"--In brief, p. [1]. |
| 692 | 07|2gccst|aImports |
| 692 | 07|2gccst|aForms |
| 692 | 07|2gccst|aCustoms and excise |
| 710 | 2 |aCanada Border Services Agency. |
| 775 | 08|tCodage, présentation et traitement d’un formulaire B2, Douanes Canada – Demande de rajustement |w(CaOODSP)9.832176 |
| 794 | |tThe coding, submission and processing of Form B2, Canada Customs Adjustment Request |b[May 3, 2017 edition]|w(CaOODSP)9.837753 |
| 830 | #0|aCustoms D memoranda. D17, Accounting and release procedures,|x2369-2391 ; |vD17-2-1, January 26, 2017|w(CaOODSP)9.816825 |
| 856 | 40|qPDF|s26.72 MB|uhttps://publications.gc.ca/collections/collection_2017/asfc-cbsa/Rv55-5-17-2-1-2017-eng.pdf |